000 00599nam a22001937a 4500
005 20171213155643.0
010 _aUR-9970
020 _c400.00
_a9788186346709
035 _aU-8525
037 _bDBAD/PUB
100 _aف-س--ا عجا ز
245 _aچین یا تر ا
_cف-س--ا عجا ز
246 _bCheen yatra
_aby Fay Seen Ejaz
260 _aKolkata
_bInsha Publications
_c2017
270 _a25-B,Zakaria Street,
_bKolkata
_e700073
_k91-33-22354616
_l-
300 _a168ص
_c22 Cm.(B.b)
500 _aدو حصہ
942 _2ddc
_cUR
_h910.41
_mف س ا
999 _c147984
_d147984